[Event "IV Festival Scacchi Verdi A"]
[Site "Bresso ITA"]
[Date "2004.06.12"]
[Round "3"]
[White "Ducci, Roberto"]
[Black "Berni, Francesco"]
[Result "1-0"]
[WhiteElo "1748"]
[BlackElo "1685"]
[PlyCount "41"]
[EventDate "2004.06.10"]

1. e4 c5 2. Nc3 Nc6 3. f4 d6 4. Nf3 a6 5. g3 e6 6. Bg2 Nf6 7. d3 Be7 8. O-O Qc7
9. h3 Rb8 10. Be3 O-O 11. Qd2 b5 12. Qf2 Re8 13. e5 dxe5 14. fxe5 Nxe5 15. Nxe5
Bd6 16. Nf3 Bxg3 17. Qd2 Rd8 18. Ne2 Ne4 19. Qc1 Nf6 20. Nxg3 Qxg3 21. Bf4 1-0

[Event "IV Festival Scacchi Verdi A"]
[Site "Bresso ITA"]
[Date "2004.06.12"]
[Round "3"]
[White "Faccio, Fabio"]
[Black "Tomelleri, Alessio"]
[Result "1-0"]
[WhiteElo "1721"]
[BlackElo "2042"]
[PlyCount "25"]
[EventDate "2004.06.10"]

1. e4 g6 2. d4 Bg7 3. Nf3 c6 4. Be3 d5 5. exd5 cxd5 6. c4 Nc6 7. cxd5 Qxd5 8.
Nc3 Qa5 9. Bb5 a6 10. Bxc6+ bxc6 11. O-O Nf6 12. Ne5 Bb7 13. Qb3 1-0

[Event "IV Festival Scacchi Verdi A"]
[Site "Bresso ITA"]
[Date "2004.06.12"]
[Round "3"]
[White "Gandolfi, Gianfranco"]
[Black "Milan, Paolo"]
[Result "1-0"]
[WhiteElo "1961"]
[BlackElo "1811"]
[PlyCount "71"]
[EventDate "2004.06.10"]

1. e4 c5 2. Nf3 Nc6 3. d4 cxd4 4. Nxd4 e5 5. Nb5 d6 6. N1c3 a6 7. Na3 b5 8. Nd5
Nce7 9. Be3 Nxd5 10. Qxd5 Rb8 11. Qc6+ Bd7 12. Qxa6 Nf6 13. f3 Be7 14. Bxb5 O-O
15. Bxd7 Qxd7 16. Rb1 d5 17. Qd3 Bb4+ 18. Kf2 Nxe4+ 19. fxe4 Qg4 20. exd5 f5
21. Rhf1 Qh4+ 22. Kg1 e4 23. Qe2 f4 24. Bd4 f3 25. gxf3 exf3 26. Qf2 Qg4+ 27.
Kh1 Rf4 28. Rg1 Rxd4 29. Rxg4 Rxg4 30. Rg1 Rxg1+ 31. Kxg1 Re8 32. Qxf3 Re1+ 33.
Kg2 Bc5 34. d6 Rg1+ 35. Kh3 Bxd6 36. Qd5+ 1-0

[Event "IV Festival Scacchi Verdi A"]
[Site "Bresso ITA"]
[Date "2004.06.12"]
[Round "3"]
[White "Laketic, Gojko"]
[Black "Vignoli, Matteo"]
[Result "1-0"]
[WhiteElo "2409"]
[BlackElo "1817"]
[PlyCount "69"]
[EventDate "2004.06.10"]

1. e4 e5 2. Nf3 Nc6 3. Bb5 a6 4. Bxc6 dxc6 5. d4 exd4 6. Qxd4 Qxd4 7. Nxd4 Bd6
8. Nc3 Ne7 9. Be3 Bd7 10. O-O-O O-O-O 11. Nb3 Bb4 12. Ne2 f5 13. Bc5 Bxc5 14.
Nxc5 fxe4 15. Nxe4 Bf5 16. N4g3 Rxd1+ 17. Rxd1 Rd8 18. Nxf5 Rxd1+ 19. Kxd1 Nxf5
20. Nf4 Ne7 21. Ne6 g6 22. Kd2 b6 23. Kd3 h6 24. Ke4 Kd7 25. Ke5 c5 26. c3 c6
27. f4 a5 28. g4 c4 29. f5 gxf5 30. gxf5 Ke8 31. Kf6 c5 32. Nf4 Kf8 33. Ng6+
Nxg6 34. Kxg6 b5 35. a4 1-0

[Event "IV Festival Scacchi Verdi A"]
[Site "Bresso ITA"]
[Date "2004.06.12"]
[Round "3"]
[White "Pace, Pietro Dario"]
[Black "Pedemonte, Claudio"]
[Result "1-0"]
[WhiteElo "2126"]
[BlackElo "1943"]
[PlyCount "77"]
[EventDate "2004.06.10"]

1. e4 d5 2. exd5 Qxd5 3. Nf3 Nc6 4. d4 Bg4 5. Be2 e6 6. O-O O-O-O 7. Be3 Nf6 8.
h3 Bh5 9. Nbd2 h6 10. c4 Qd7 11. Ne5 Bxe2 12. Qxe2 Nxe5 13. dxe5 Nh7 14. Ne4
Qc6 15. Qf3 f5 16. Nd2 Qxf3 17. Nxf3 c5 18. Nh4 b6 19. Ng6 Rg8 20. a3 Kb7 21.
h4 Rd7 22. Rfd1 Rxd1+ 23. Rxd1 Kc8 24. g3 a6 25. Kf1 b5 26. b3 Kc7 27. Ke2 Kc6
28. Rd8 Kc7 29. Ra8 Kb7 30. Re8 bxc4 31. bxc4 a5 32. a4 Kc7 33. Rxe6 Kb7 34.
Re8 Ka6 35. Kf3 Kb7 36. g4 fxg4+ 37. Kxg4 Kc7 38. Kf5 Kd7 39. Ra8 1-0

[Event "IV Festival Scacchi Verdi A"]
[Site "Bresso ITA"]
[Date "2004.06.12"]
[Round "3"]
[White "Pelizzola, Danilo"]
[Black "Naumkin, Igor"]
[Result "0-1"]
[WhiteElo "2081"]
[BlackElo "2424"]
[PlyCount "76"]
[EventDate "2004.06.10"]

1. e4 e5 2. Nf3 Nc6 3. Bb5 a6 4. Ba4 Nf6 5. O-O Nxe4 6. d4 b5 7. Bb3 d5 8. dxe5
Be6 9. c3 Nc5 10. Bc2 Bg4 11. Bf4 Be7 12. h3 Bh5 13. Re1 Qd7 14. Nbd2 Rd8 15.
g4 Bg6 16. Nd4 Nxd4 17. cxd4 Ne6 18. Be3 c5 19. Nb3 Bxc2 20. Qxc2 c4 21. Nc1
Bg5 22. Qd2 Bxe3 23. Qxe3 h5 24. Kg2 hxg4 25. hxg4 Rh4 26. f3 Qe7 27. Ne2 Kd7
28. Rh1 Rdh8 29. a3 Rxh1 30. Rxh1 Rxh1 31. Kxh1 Qh4+ 32. Kg2 Qe1 33. f4 Qxe2+
34. Qxe2 Nxf4+ 35. Kf3 Nxe2 36. Kxe2 a5 37. Ke3 Ke6 38. Kf3 b4 0-1

[Event "IV Festival Scacchi Verdi A"]
[Site "Bresso ITA"]
[Date "2004.06.12"]
[Round "4"]
[White "Berni, Francesco"]
[Black "D'Apa, Matteo"]
[Result "1-0"]
[WhiteElo "1685"]
[BlackElo "1859"]
[PlyCount "93"]
[EventDate "2004.06.10"]

1. e4 c6 2. d4 d5 3. Nc3 dxe4 4. Nxe4 Bf5 5. Ng3 Bg6 6. Nf3 Nd7 7. Bd3 Bxd3 8.
Qxd3 Qc7 9. O-O e6 10. Re1 Ngf6 11. Bg5 Be7 12. Rad1 h6 13. Bc1 O-O-O 14. c3 g5
15. h3 g4 16. hxg4 Nxg4 17. Nh5 Ndf6 18. Bf4 Bd6 19. Bxd6 Qxd6 20. Nxf6 Nxf6
21. Ne5 Rdf8 22. a3 h5 23. Qh3 h4 24. c4 Qe7 25. d5 cxd5 26. cxd5 Kb8 27. a4
Rfg8 28. a5 Qc5 29. Qf3 Qxa5 30. Qxf6 Rh7 31. Nc4 Qc5 32. Ne3 h3 33. g3 Qd6 34.
Kh2 Rg6 35. Qf3 Rhh6 36. dxe6 Qxe6 37. Rd8+ Kc7 38. Red1 Rf6 39. R8d7+ Qxd7 40.
Rxd7+ Kxd7 41. Qxb7+ Kd8 42. Qb8+ Kd7 43. Qxa7+ Kc8 44. Nd5 Rc6 45. Ne7+ Kd8
46. Nxc6+ Rxc6 47. b4 1-0

[Event "IV Festival Scacchi Verdi A"]
[Site "Bresso ITA"]
[Date "2004.06.12"]
[Round "4"]
[White "Cardani, Roberto"]
[Black "Bonarrigo, Marco"]
[Result "1/2-1/2"]
[WhiteElo "1939"]
[BlackElo "1826"]
[PlyCount "78"]
[EventDate "2004.06.10"]

1. e4 e6 2. d4 d5 3. Nc3 Nf6 4. Bg5 Be7 5. e5 Nfd7 6. Bxe7 Qxe7 7. f4 O-O 8.
Nf3 f6 9. Qd2 fxe5 10. fxe5 c5 11. Ne2 cxd4 12. Nexd4 Nc6 13. Nxc6 bxc6 14.
O-O-O c5 15. c3 a5 16. Bd3 a4 17. a3 Ba6 18. Bb1 Nb6 19. Qc2 g6 20. h4 Nc4 21.
Rde1 Rfb8 22. Re2 Nxb2 23. Qxb2 Bxe2 24. Qxe2 c4 25. Bc2 Qxa3+ 26. Kd2 Rb2 27.
Nd4 Qe7 28. Qg4 Re8 29. h5 g5 30. h6 a3 31. Nc6 Qf7 32. Qxg5+ Kh8 33. Qg7+ Qxg7
34. hxg7+ Kg8 35. Nb4 Re7 36. Ra1 Rxg7 37. Rxa3 d4 38. Ra8+ Kf7 39. Ra7+ Kg8
1/2-1/2

[Event "IV Festival Scacchi Verdi A"]
[Site "Bresso ITA"]
[Date "2004.06.12"]
[Round "4"]
[White "Damia, Angelo"]
[Black "Pelizzola, Danilo"]
[Result "1-0"]
[WhiteElo "2061"]
[BlackElo "2081"]
[PlyCount "63"]
[EventDate "2004.06.10"]

1. e4 c5 2. Nc3 Nc6 3. f4 d6 4. Nf3 g6 5. Be2 Bg7 6. d3 Rb8 7. a4 Bd7 8. O-O e6
9. Nb5 Bc8 10. e5 dxe5 11. fxe5 Nxe5 12. Bf4 Nxf3+ 13. Bxf3 e5 14. Re1 Be6 15.
Rxe5 Bxe5 16. Bxe5 f6 17. Bxb8 Qxb8 18. Bxb7 Kf7 19. Qf3 Nh6 20. Bd5 Re8 21.
Re1 Qb6 22. Rxe6 Rxe6 23. Qe3 Nf5 24. Qxe6+ Qxe6 25. Bxe6+ Kxe6 26. Nxa7 Ne3
27. Kf2 Nxc2 28. Nb5 Nb4 29. Ke3 Kd5 30. Nc3+ Ke5 31. Ne4 Na6 32. Nxc5 1-0

[Event "IV Festival Scacchi Verdi A"]
[Site "Bresso ITA"]
[Date "2004.06.12"]
[Round "4"]
[White "Di Donato, Giovanni"]
[Black "Laketic, Gojko"]
[Result "0-1"]
[WhiteElo "1838"]
[BlackElo "2409"]
[PlyCount "75"]
[EventDate "2004.06.10"]

1. e4 Nf6 2. e5 Nd5 3. d4 d6 4. exd6 cxd6 5. c4 Nb6 6. d5 e6 7. Nc3 Be7 8. Bd3
exd5 9. Nxd5 Nxd5 10. cxd5 Qa5+ 11. Qd2 Qxd5 12. Nf3 Qe6+ 13. Qe3 Nc6 14. O-O
Qxe3 15. Bxe3 Bf6 16. Rab1 Be6 17. a3 h6 18. Bb5 a6 19. Be2 Bf5 20. Rbd1 Bxb2
21. Nd4 Bxd4 22. Bxd4 Nxd4 23. Rxd4 Ke7 24. Bf3 Rab8 25. Rc1 Rhc8 26. Rcd1 Rc3
27. Rxd6 Rxa3 28. Rb6 Be6 29. Rdb1 a5 30. h3 a4 31. Bd1 Ra2 32. Kh2 Rxf2 33.
Rxb7+ Rxb7 34. Rxb7+ Kd6 35. Bxa4 Rxg2+ 36. Kh1 Rg3 37. Rb6+ Ke5 38. Be8 0-1

[Event "IV Festival Scacchi Verdi A"]
[Site "Bresso ITA"]
[Date "2004.06.12"]
[Round "4"]
[White "Dragojlovic, Andjelko"]
[Black "Pace, Pietro Dario"]
[Result "1-0"]
[WhiteElo "2340"]
[BlackElo "2126"]
[PlyCount "79"]
[EventDate "2004.06.10"]

1. e4 e5 2. Nc3 Nf6 3. Bc4 Bc5 4. d3 Nc6 5. Bg5 h6 6. Bh4 Na5 7. Bb3 Nxb3 8.
axb3 Be7 9. Nf3 d6 10. d4 exd4 11. Qxd4 a6 12. O-O-O O-O 13. Rhe1 c5 14. Qd2
Qa5 15. Kb1 Qd8 16. Bxf6 Bxf6 17. Qxd6 Qa5 18. Nd5 Bd8 19. Ne5 Be6 20. f4 Bxd5
21. exd5 Bh4 22. g3 Rad8 23. Nd7 Qb5 24. Qxc5 Qxd7 25. gxh4 Qg4 26. Qd4 Qxh4
27. Rg1 f6 28. d6 Rd7 29. Qd5+ Kh8 30. Rge1 Rfd8 31. Re6 Qxf4 32. c4 Qxh2 33.
c5 Qg3 34. Rde1 Kh7 35. Ka2 a5 36. Re8 Rxe8 37. Rxe8 Qg4 38. Qg8+ Kg6 39. Re7
Kh5 40. Qe8+ 1-0

[Event "IV Festival Scacchi Verdi A"]
[Site "Bresso ITA"]
[Date "2004.06.12"]
[Round "4"]
[White "Murli, Almerico"]
[Black "Ducci, Roberto"]
[Result "0-1"]
[WhiteElo "1830"]
[BlackElo "1748"]
[PlyCount "82"]
[EventDate "2004.06.10"]

1. e4 c5 2. Nf3 Nc6 3. d4 cxd4 4. Nxd4 Nf6 5. Nc3 e5 6. Ndb5 d6 7. Bg5 a6 8.
Na3 b5 9. Nd5 Be7 10. Bxf6 Bxf6 11. Bd3 Bg5 12. O-O Be6 13. c4 bxc4 14. Bxc4
O-O 15. Nc2 Ne7 16. Nxe7+ Qxe7 17. Bxe6 fxe6 18. g3 Rac8 19. Qd3 a5 20. Rad1
Rc5 21. Ne3 Bxe3 22. Qxe3 d5 23. exd5 exd5 24. f4 e4 25. Rd4 Rfc8 26. Rfd1 Qb7
27. Qd2 Qb6 28. Kh1 Rc2 29. Qe1 Qxb2 30. R4d2 Rxd2 31. Qxd2 Qxd2 32. Rxd2 e3
33. Re2 d4 34. Kg2 Rd8 35. Kf3 d3 36. Re1 d2 37. Rd1 Rd3 38. Ke2 Rc3 39. Rb1
Rc1 40. Rb8+ Kf7 41. Rd8 Re1+ 0-1

[Event "IV Festival Scacchi Verdi A"]
[Site "Bresso ITA"]
[Date "2004.06.12"]
[Round "4"]
[White "Nardone, Massimo"]
[Black "Milan, Paolo"]
[Result "0-1"]
[WhiteElo "1843"]
[BlackElo "1811"]
[PlyCount "80"]
[EventDate "2004.06.10"]

1. c4 Nf6 2. Nc3 e6 3. g3 b6 4. Bg2 c6 5. e4 d6 6. d4 Bb7 7. Bg5 Be7 8. f4 O-O
9. e5 dxe5 10. dxe5 Nfd7 11. Bxe7 Qxe7 12. Nb5 Qb4+ 13. Qd2 Qxd2+ 14. Kxd2 a5
15. Nd6 Ba6 16. Ne2 f6 17. exf6 Nxf6 18. Kc2 Rd8 19. Rad1 Ng4 20. Nf5 Rxd1 21.
Rxd1 exf5 22. Rd8+ Kf7 23. Bxc6 Nxc6 24. Rxa8 Bxc4 25. Nc3 Nb4+ 26. Kb1 Bd3+
27. Kc1 Nxh2 28. Rd8 Be4 29. Rd6 Nd3+ 30. Kb1 Nf1 31. g4 Nxf4+ 32. Kc1 Nd3+ 33.
Kb1 Nf2+ 34. Nxe4 fxe4 35. Rxb6 Nxg4 36. Rc6 e3 37. a3 e2 38. Rc1 Nge3 39. b4
axb4 40. axb4 Nd1 0-1

[Event "IV Festival Scacchi Verdi A"]
[Site "Bresso ITA"]
[Date "2004.06.12"]
[Round "4"]
[White "Pedemonte, Claudio"]
[Black "Di Marco, Ruggero"]
[Result "1-0"]
[WhiteElo "1943"]
[BlackElo "1787"]
[PlyCount "65"]
[EventDate "2004.06.10"]

1. c4 Nf6 2. Nc3 g6 3. g3 Bg7 4. Bg2 O-O 5. e4 d6 6. Nge2 e5 7. O-O Nc6 8. h3
Nh5 9. d3 f5 10. exf5 gxf5 11. f4 Nf6 12. Be3 Be6 13. Kh2 Kh8 14. Nd5 Ne7 15.
Nec3 c6 16. Nxf6 Bxf6 17. Qe2 Rg8 18. Rad1 Qc7 19. d4 Ng6 20. dxe5 dxe5 21.
fxe5 Bxe5 22. Bd4 Bxd4 23. Rxd4 Nh4 24. Rff4 Nxg2 25. Kxg2 c5 26. Qxe6 cxd4 27.
Nd5 Qxc4 28. Qxf5 Qc6 29. Rh4 Qg6 30. Qe5+ Qg7 31. Nf6 h6 32. Rg4 Qf7 33. Nxg8+
1-0

[Event "IV Festival Scacchi Verdi A"]
[Site "Bresso ITA"]
[Date "2004.06.12"]
[Round "4"]
[White "Petetta, Roberto"]
[Black "Ganci, Stefano"]
[Result "0-1"]
[WhiteElo "1739"]
[BlackElo "1775"]
[PlyCount "110"]
[EventDate "2004.06.10"]

1. e4 Nc6 2. d4 e5 3. dxe5 Nxe5 4. Be3 d6 5. Be2 Nf6 6. f3 Be7 7. Nc3 Be6 8.
Nd5 c6 9. Nf4 Qd7 10. Nxe6 Qxe6 11. Nh3 Ng6 12. Ng5 Qd7 13. Bc4 Ne5 14. Bb3 h6
15. Nh3 Ng6 16. O-O O-O 17. Qd2 Kh7 18. Nf2 a5 19. c3 a4 20. Bc2 d5 21. Rad1
Qc7 22. exd5 Nxd5 23. Bd4 Nf6 24. c4 c5 25. Be3 a3 26. b3 Rfd8 27. Qc1 Bd6 28.
h3 Kg8 29. Kh1 Re8 30. Bxg6 fxg6 31. Rd3 Nh5 32. Re1 Nf4 33. Rd2 Nh5 34. Ne4
Rxe4 35. fxe4 Ng3+ 36. Kg1 Nxe4 37. Rxd6 Qxd6 38. Bxh6 gxh6 39. Rxe4 Kh7 40.
Qe1 Rg8 41. Re6 Qd4+ 42. Kh1 Rg7 43. Qe2 Qb2 44. Qxb2 axb2 45. Re1 Rd7 46. Rb1
Rd2 47. Kh2 Kg7 48. a3 Kf6 49. b4 cxb4 50. axb4 Ke5 51. Kg3 Kd4 52. Kf3 Kc3 53.
Ke3 Rc2 54. Rd1 Rc1 55. Rd3+ Kxb4 0-1

[Event "IV Festival Scacchi Verdi A"]
[Site "Bresso ITA"]
[Date "2004.06.12"]
[Round "4"]
[White "Stiz, Massimiliano"]
[Black "Aleksic, Nenad"]
[Result "1/2-1/2"]
[WhiteElo "1802"]
[BlackElo "2384"]
[PlyCount "69"]
[EventDate "2004.06.10"]

1. e4 c5 2. Nf3 d6 3. Bb5+ Bd7 4. Bxd7+ Nxd7 5. O-O Ngf6 6. d3 e6 7. b3 Be7 8.
Bb2 O-O 9. e5 Nd5 10. Nbd2 Rc8 11. Ne4 dxe5 12. Nxe5 Nxe5 13. Bxe5 f6 14. Bb2
e5 15. Kh1 Qd7 16. Qf3 Rc6 17. a3 Nf4 18. Rad1 Ne6 19. Qh3 Qc7 20. Ng3 Nd4 21.
Rd2 f5 22. Bxd4 Rh6 23. Qxh6 gxh6 24. Bb2 Bd6 25. Re1 b5 26. Rde2 c4 27. Bxe5
cxd3 28. cxd3 Bxe5 29. Rxe5 Qc3 30. h3 Qxb3 31. Nxf5 Qxd3 32. Nxh6+ Kg7 33. Ng4
Qxa3 34. Rxb5 a5 35. Ree5 1/2-1/2

[Event "IV Festival Scacchi Verdi A"]
[Site "Bresso ITA"]
[Date "2004.06.12"]
[Round "4"]
[White "Tomelleri, Alessio"]
[Black "Aglietti, Graziano"]
[Result "1-0"]
[WhiteElo "2042"]
[BlackElo "2084"]
[PlyCount "75"]
[EventDate "2004.06.10"]

1. e4 e6 2. d4 d5 3. e5 c5 4. c3 Nc6 5. Nf3 Qb6 6. a3 c4 7. Nbd2 Bd7 8. Be2 Na5
9. Qc2 Ne7 10. O-O Nf5 11. Re1 Be7 12. Nf1 Nb3 13. Rb1 Qa5 14. Bd1 Ba4 15. Qe2
Nxc1 16. Bxa4+ Qxa4 17. Rexc1 Rc8 18. Re1 Rc6 19. g4 Nh4 20. Nxh4 Bxh4 21. Ne3
Rb6 22. Ng2 Be7 23. f4 Qb3 24. f5 Qa2 25. Qc2 Qb3 26. Qf2 h5 27. Rf1 Kd7 28.
fxe6+ fxe6 29. gxh5 Rf8 30. Nf4 Bg5 31. Qg3 Bh6 32. Qg4 Qc2 33. Nxd5 Rxf1+ 34.
Rxf1 Rxb2 35. Rf7+ Kd8 36. Qh4+ Kc8 37. Rc7+ Kb8 38. Qd8# 1-0

[Event "IV Festival Scacchi Verdi A"]
[Site "Bresso ITA"]
[Date "2004.06.12"]
[Round "4"]
[White "Vignoli, Matteo"]
[Black "Faccio, Fabio"]
[Result "1/2-1/2"]
[WhiteElo "1817"]
[BlackElo "1721"]
[PlyCount "47"]
[EventDate "2004.06.10"]

1. e4 c5 2. Nf3 d6 3. d4 cxd4 4. Nxd4 Nf6 5. Nc3 a6 6. Be3 Ng4 7. Bc1 Nc6 8. f3
Qb6 9. Nd5 Qxd4 10. Qxd4 Nxd4 11. fxg4 Nxc2+ 12. Kd2 Nxa1 13. Nc7+ Kd8 14. Nxa8
g6 15. Be2 Be6 16. b3 Bg7 17. Ba3 Bd4 18. Kd3 Kd7 19. Kxd4 Nc2+ 20. Kc3 Nxa3
21. Nb6+ Kc7 22. Nd5+ Bxd5 23. exd5 Rb8 24. Kb2 1/2-1/2

[Event "IV Festival Scacchi Verdi A"]
[Site "Bresso ITA"]
[Date "2004.06.13"]
[Round "5"]
[White "Aglietti, Graziano"]
[Black "Petetta, Roberto"]
[Result "1-0"]
[WhiteElo "2084"]
[BlackElo "1739"]
[PlyCount "53"]
[EventDate "2004.06.10"]

1. Nf3 Nf6 2. g3 g6 3. Bg2 Bg7 4. O-O O-O 5. c4 d6 6. Nc3 e5 7. d4 exd4 8. Nxd4
c6 9. b4 c5 10. bxc5 dxc5 11. Ndb5 Qa5 12. Bd2 Na6 13. Nd5 Qd8 14. Bg5 Rb8 15.
Qc1 Be6 16. e4 Bxd5 17. exd5 Qb6 18. Rb1 Nb4 19. a3 Nd3 20. Qc3 Ne4 21. Qxd3
Nxg5 22. h4 a6 23. Nc3 Qf6 24. Ne2 Ne6 25. dxe6 fxe6 26. Nf4 b5 27. Nxe6 1-0

[Event "IV Festival Scacchi Verdi A"]
[Site "Bresso ITA"]
[Date "2004.06.13"]
[Round "5"]
[White "Aleksic, Nenad"]
[Black "Damia, Angelo"]
[Result "1-0"]
[WhiteElo "2384"]
[BlackElo "2061"]
[PlyCount "79"]
[EventDate "2004.06.10"]

1. e4 c5 2. Nf3 d6 3. d4 cxd4 4. Nxd4 Nf6 5. Nc3 g6 6. Bc4 Bg7 7. h3 O-O 8. O-O
Nc6 9. Be3 Bd7 10. Bb3 Nxd4 11. Bxd4 e5 12. Be3 Be6 13. Qd2 Qd7 14. Rad1 Bxb3
15. axb3 Rfd8 16. Bg5 Qe6 17. Bxf6 Bxf6 18. Nd5 Rac8 19. c3 Rd7 20. Ra1 b6 21.
Ra4 Rb7 22. b4 b5 23. Ra6 Bd8 24. Qe3 f5 25. f3 f4 26. Qf2 Qd7 27. Rfa1 Ra8 28.
Kh2 g5 29. g3 h5 30. gxf4 exf4 31. Qd4 Kh7 32. Nf6+ Bxf6 33. Qxf6 Qe7 34. Qxd6
Qxd6 35. Rxd6 g4 36. hxg4 hxg4 37. Kg2 g3 38. Rf6 Rd7 39. Rxf4 Rd2+ 40. Kxg3
1-0

[Event "IV Festival Scacchi Verdi A"]
[Site "Bresso ITA"]
[Date "2004.06.13"]
[Round "5"]
[White "Astengo, Marcello"]
[Black "Stiz, Massimiliano"]
[Result "0-1"]
[WhiteElo "2069"]
[BlackElo "1802"]
[PlyCount "98"]
[EventDate "2004.06.10"]

1. d4 e6 2. c4 f5 3. Nc3 Nf6 4. Qc2 Nc6 5. e3 b6 6. a3 Bb7 7. Nf3 Be7 8. Bd3
O-O 9. O-O Qe8 10. Bd2 Qh5 11. Rae1 Bd6 12. Nb5 g5 13. Nxd6 cxd6 14. d5 Ne5 15.
Nxe5 dxe5 16. f3 g4 17. e4 f4 18. Be2 g3 19. h3 exd5 20. cxd5 Rfc8 21. Qa4 d6
22. Rc1 Rc5 23. Ba6 Bc8 24. Bxc8 Raxc8 25. Qxa7 Rxc1 26. Rxc1 Rxc1+ 27. Bxc1
Nxe4 28. Qxb6 Nf2 29. Qd8+ Kg7 30. Qd7+ Kh8 31. Bd2 h6 32. Qe6 Qh4 33. Ba5 Qh5
34. Bd8 Ne4 35. b4 Ng5 36. Bf6+ Kh7 37. Qe7+ Nf7 38. Qf8 Qg6 39. Qg7+ Qxg7 40.
Bxg7 Kxg7 41. a4 e4 42. a5 Ne5 43. a6 Nd7 44. fxe4 Kf6 45. Kf1 Ke5 46. Ke2 Kxe4
47. a7 Nb6 48. b5 Kxd5 49. Kf3 Ke5 0-1

[Event "IV Festival Scacchi Verdi A"]
[Site "Bresso ITA"]
[Date "2004.06.13"]
[Round "5"]
[White "Bonarrigo, Marco"]
[Black "Tomelleri, Alessio"]
[Result "1-0"]
[WhiteElo "1826"]
[BlackElo "2042"]
[PlyCount "79"]
[EventDate "2004.06.10"]

1. e4 g6 2. d4 Bg7 3. Nc3 c6 4. f4 d5 5. e5 Qb6 6. h3 h5 7. Nf3 Nh6 8. Bd3 Bf5
9. Be2 Bd7 10. O-O Nf5 11. Re1 Ng3 12. Bd3 Bf5 13. Rb1 e6 14. Be3 Qc7 15. b4 b5
16. a4 a6 17. axb5 axb5 18. Bxb5 cxb5 19. Nxb5 Qxc2 20. Qxc2 Bxc2 21. Rb2 Na6
22. Rxc2 Nxb4 23. Rc7 Nf5 24. g4 hxg4 25. hxg4 Nxe3 26. Rxe3 Ra1+ 27. Kg2 Ra2+
28. Kg3 O-O 29. Rb3 Na6 30. Rcc3 Rb8 31. Nd6 Rxb3 32. Rxb3 Rc2 33. Rb6 Ra2 34.
Rb7 f6 35. Ne8 Rc2 36. Nxg7 Rc7 37. Rxc7 Nxc7 38. exf6 Kf7 39. g5 Nb5 40. Ne5+
1-0

[Event "IV Festival Scacchi Verdi A"]
[Site "Bresso ITA"]
[Date "2004.06.13"]
[Round "5"]
[White "Di Donato, Giovanni"]
[Black "Vignoli, Matteo"]
[Result "1-0"]
[WhiteElo "1838"]
[BlackElo "1817"]
[PlyCount "105"]
[EventDate "2004.06.10"]

1. e4 e5 2. Nf3 Nc6 3. Bc4 Bc5 4. Nc3 Nf6 5. d3 O-O 6. Bg5 Be7 7. O-O d6 8. h3
Na5 9. Bb3 Nxb3 10. axb3 c6 11. Qd2 Nh5 12. Ne2 Bxg5 13. Qxg5 Qxg5 14. Nxg5 h6
15. Nf3 f5 16. exf5 Bxf5 17. g4 Bd7 18. Nd2 Nf4 19. Nxf4 Rxf4 20. Nc4 h5 21. f3
hxg4 22. fxg4 Rxf1+ 23. Rxf1 d5 24. Nxe5 Be8 25. b4 a5 26. Ra1 a4 27. d4 Kf8
28. c3 Ke7 29. Kf2 b5 30. Kg3 g5 31. h4 gxh4+ 32. Kxh4 Kf6 33. g5+ Kg7 34. Kg4
Ra7 35. Kf5 Bd7+ 36. Nxd7 Rxd7 37. Ke6 Rf7 38. Kd6 Rf2 39. Kxc6 Rxb2 40. Kxb5
Rc2 41. Ra3 Kg6 42. Kc5 Rb2 43. Kb5 Kxg5 44. Kxa4 Kf6 45. Kb5 Ke6 46. Kc5 Rc2
47. Rb3 Rh2 48. b5 Rh8 49. b6 Rc8+ 50. Kb5 Kd6 51. b7 Rb8 52. Ka6 Kc7 53. Ka7
1-0

[Event "IV Festival Scacchi Verdi A"]
[Site "Bresso ITA"]
[Date "2004.06.13"]
[Round "5"]
[White "Di Marco, Ruggero"]
[Black "D'Apa, Matteo"]
[Result "0-1"]
[WhiteElo "1787"]
[BlackElo "1859"]
[PlyCount "93"]
[EventDate "2004.06.10"]

1. e4 c6 2. d4 d5 3. Nd2 dxe4 4. Nxe4 Bf5 5. Ng3 Bg6 6. h4 h6 7. Nf3 Nd7 8. h5
Bh7 9. Bd3 Bxd3 10. Qxd3 Qc7 11. Bd2 e6 12. O-O-O Ngf6 13. Ne4 O-O-O 14. g3
Nxe4 15. Qxe4 Bd6 16. Rhe1 Rhe8 17. Ne5 Nf6 18. Qe2 Bxe5 19. dxe5 Nd5 20. g4 c5
21. f4 c4 22. Kb1 c3 23. bxc3 Nxc3+ 24. Bxc3 Qxc3 25. Qb5 Qg3 26. Qa5 Qxg4 27.
Rxd8+ Rxd8 28. Qxa7 Qxf4 29. Qa8+ Kc7 30. Qa5+ b6 31. Qc3+ Kb7 32. Rg1 Rc8 33.
Qg3 Qc4 34. Qf3+ Kb8 35. Qb3 Qxb3+ 36. cxb3 Rg8 37. Kc2 g6 38. hxg6 Rxg6 39.
Rf1 Rg7 40. Rf6 Rh7 41. Kd3 Kc7 42. Ke3 Kc6 43. Kf4 Kd5 44. a4 Kc5 45. Kg4 Kb4
46. Rf3 Rg7+ 47. Kf4 0-1

[Event "IV Festival Scacchi Verdi A"]
[Site "Bresso ITA"]
[Date "2004.06.13"]
[Round "5"]
[White "Ducci, Roberto"]
[Black "Pedemonte, Claudio"]
[Result "1-0"]
[WhiteElo "1748"]
[BlackElo "1943"]
[PlyCount "67"]
[EventDate "2004.06.10"]

1. e4 d5 2. exd5 Qxd5 3. Nc3 Qa5 4. Bc4 Nc6 5. Nf3 Bg4 6. h3 Bh5 7. g4 Bg6 8.
d3 e6 9. Bd2 Bb4 10. a3 Bc5 11. Nd5 Bxf2+ 12. Kxf2 Qc5+ 13. Be3 Qd6 14. Nc3 Nf6
15. Qe2 O-O-O 16. b4 h5 17. g5 Nd5 18. Ne4 Bxe4 19. dxe4 Nb6 20. Bb3 h4 21.
Rhg1 e5 22. Rad1 Qg6 23. Rxd8+ Rxd8 24. Bxb6 axb6 25. Bd5 Qh7 26. Bxc6 bxc6 27.
Nxe5 Re8 28. Qa6+ Kd8 29. Rd1+ Ke7 30. Qc4 Qh5 31. Rd7+ Kf8 32. Rxf7+ Kg8 33.
Re7+ Kh7 34. g6+ 1-0

[Event "IV Festival Scacchi Verdi A"]
[Site "Bresso ITA"]
[Date "2004.06.13"]
[Round "5"]
[White "Ganci, Stefano"]
[Black "Nardone, Massimo"]
[Result "0-1"]
[WhiteElo "1775"]
[BlackElo "1843"]
[PlyCount "101"]
[EventDate "2004.06.10"]

1. e4 d6 2. d4 Nf6 3. Nc3 g6 4. Bg5 Bg7 5. Qd2 O-O 6. Nf3 Bg4 7. Be2 c5 8. dxc5
dxc5 9. Qxd8 Rxd8 10. O-O Nc6 11. Be3 b6 12. Bb5 Bxf3 13. gxf3 Nd4 14. Bxd4
cxd4 15. Ne2 Rac8 16. Bd3 Nh5 17. a4 Rc5 18. f4 e6 19. b4 Rc7 20. Kg2 Bh6 21.
Kf3 Bf8 22. Rab1 Nf6 23. Rg1 h6 24. Rb3 Kh7 25. Ng3 Nd7 26. Ne2 Nb8 27. Ng3 Nc6
28. Rgb1 Be7 29. e5 f6 30. exf6 Bxf6 31. Ne4 Rf7 32. Rg1 Be7 33. Ke2 Nxb4 34.
Bc4 Nd5 35. Bxd5 Rxd5 36. Rbg3 Rg7 37. Rg4 Ra5 38. Ra1 b5 39. Kd3 Rxa4 40. Rxa4
bxa4 41. Kxd4 Rg8 42. Ke5 Re8 43. Rg1 Kg7 44. Rb1 a3 45. Rb7 Kf8 46. Rxa7 Rc8
47. c3 Rb8 48. Kxe6 Rb6+ 49. Kd7 Rb2 50. Ke6 Re2 51. f3 $138 0-1

[Event "IV Festival Scacchi Verdi A"]
[Site "Bresso ITA"]
[Date "2004.06.13"]
[Round "5"]
[White "Laketic, Gojko"]
[Black "Naumkin, Igor"]
[Result "1/2-1/2"]
[WhiteElo "2409"]
[BlackElo "2424"]
[PlyCount "20"]
[EventDate "2004.06.10"]

1. e4 e5 2. Nf3 Nc6 3. Bb5 a6 4. Bxc6 dxc6 5. O-O Qd6 6. Na3 b5 7. c3 c5 8. d4
cxd4 9. cxd4 exd4 10. Nxd4 c5 1/2-1/2

[Event "IV Festival Scacchi Verdi A"]
[Site "Bresso ITA"]
[Date "2004.06.13"]
[Round "5"]
[White "Milan, Paolo"]
[Black "Faccio, Fabio"]
[Result "0-1"]
[WhiteElo "1811"]
[BlackElo "1721"]
[PlyCount "66"]
[EventDate "2004.06.10"]

1. e4 c5 2. Nf3 d6 3. d4 cxd4 4. Nxd4 Nf6 5. Nc3 a6 6. Be2 e5 7. Nf5 Bxf5 8.
exf5 h6 9. Be3 d5 10. Qd2 Nc6 11. O-O-O d4 12. Bf3 dxe3 13. Qxe3 Qc7 14. Rhe1
Bd6 15. g4 O-O-O 16. Na4 Nd4 17. c3 Bc5 18. Kb1 Nxf3 19. Qxf3 Rxd1+ 20. Rxd1
Rd8 21. Rc1 e4 22. Qe2 b5 23. Nxc5 Qxc5 24. c4 b4 25. f3 Qd4 26. Ka1 Qd3 27.
Qe1 Qd2 28. Qg1 e3 29. a3 b3 30. Kb1 Qf2 31. Qh1 Rd2 32. Ka1 Rxb2 33. f4 Ra2+
0-1

[Event "IV Festival Scacchi Verdi A"]
[Site "Bresso ITA"]
[Date "2004.06.13"]
[Round "5"]
[White "Mrdja, Milan"]
[Black "Dragojlovic, Andjelko"]
[Result "1/2-1/2"]
[WhiteElo "2405"]
[BlackElo "2340"]
[PlyCount "52"]
[EventDate "2004.06.10"]

1. e4 c5 2. Nf3 g6 3. c4 Nc6 4. d4 cxd4 5. Nxd4 Nf6 6. Nc3 Nxd4 7. Qxd4 d6 8.
Bg5 Bg7 9. Be2 O-O 10. Qd2 Be6 11. O-O a6 12. Rac1 Re8 13. Rfd1 Rc8 14. b3 Kf8
15. Bf3 Qc7 16. h4 h5 17. Nd5 Bxd5 18. exd5 Qd7 19. Re1 b5 20. cxb5 Rxc1 21.
Rxc1 Qxb5 22. Rc7 a5 23. Ra7 Rc8 24. Qxa5 Qd3 25. Ra8 Rxa8 26. Qxa8+ 26... Ne8
{...} 1/2-1/2